| 000 | 00446nam a22001577a 4500 | ||
|---|---|---|---|
| 082 |
_aS 891.209 2 _bVAI/V |
||
| 245 |
_aVishwamurtivaibhawam/ _cby Vaidyanath Jha (ed.) |
||
| 250 | _a1st. | ||
| 260 |
_aJammu: _bAcharya Viswamurthi Sastri Abhinandan samaroh Samithi, _c2015. |
||
| 300 | _a709p. | ||
| 650 | _aBiography Viswamurthy Sastry | ||
| 650 | _aLiterature Sanskrit | ||
| 650 | _aLiterature | ||
| 700 | _aVaidyanath Jha (ed.) | ||
| 942 | _cBK | ||
| 999 |
_c67850 _d67850 |
||